|
|
|
|
| LEADER |
00000naa2a2200000 4500 |
| 001 |
236422 |
| 005 |
20260415153527.0 |
| 035 |
|
|
|a (RuTPU)RU\TPU\book\257585
|
| 035 |
|
|
|a RU\TPU\book\257581
|
| 090 |
|
|
|a 236422
|
| 100 |
|
|
|a 20130424d2011 k y0rusy50 ca
|
| 101 |
0 |
|
|a rus
|
| 102 |
|
|
|a RU
|
| 135 |
|
|
|a drnn ---uucaa
|
| 181 |
|
0 |
|a i
|
| 182 |
|
0 |
|a b
|
| 200 |
1 |
|
|a Разработка системы стимулирования труда
|f И. К. Копачова
|
| 203 |
|
|
|a Текст
|c электронный
|
| 215 |
|
|
|a 1 файл (228 Кб)
|
| 225 |
1 |
|
|a Управление человеческими ресурсами
|
| 300 |
|
|
|a Заглавие с титульного листа
|
| 320 |
|
|
|a [Библиогр.: с. 172 (3 назв.)]
|
| 337 |
|
|
|a Adobe Reader
|
| 463 |
|
1 |
|0 (RuTPU)RU\TPU\book\256720
|t Актуальные проблемы гуманитарных наук
|o сборник научных трудов студентов, аспирантов и молодых ученых 21-22 апреля 2011 г., Томск
|f Национальный исследовательский Томский политехнический университет (ТПУ)
|v [С. 170-172]
|d 2011
|
| 610 |
1 |
|
|a труды учёных ТПУ
|
| 610 |
1 |
|
|a электронный ресурс
|
| 610 |
1 |
|
|a стимулирование
|
| 610 |
1 |
|
|a персонал
|
| 610 |
1 |
|
|a кадровый отбор
|
| 610 |
1 |
|
|a побуждения
|
| 700 |
|
1 |
|a Копачова
|b И. К.
|
| 801 |
|
2 |
|a RU
|b 63413507
|c 20130424
|g RCR
|
| 856 |
4 |
|
|u http://www.lib.tpu.ru/fulltext/c/2011/C20/078.pdf
|
| 942 |
|
|
|c CF
|